Análisis instrumental : material y manipulaciones / redactado y coordinado por G. Herrero material y manipulaciones / redactado y coordinado por G. Herrero
Publicado:
Barcelona :
Diputación Provincial de Barcelona. Escuela del Trabajo. Escuela de Maestría Industrial, dl 1971
Descripción Física:
[37] p. : il. ; 30 cm
Materias:
Anàlisi instrumental
MARC
| LEADER | 00000nam a2200000Ia 4500 | ||
|---|---|---|---|
| 001 | 6227 | ||
| 008 | 160829s9999 xx 000 0 cat d | ||
| 080 | |a FU-20-28 | ||
| 100 | |a Herrero, G. |9 23358 | ||
| 245 | |a Análisis instrumental : |b material y manipulaciones / redactado y coordinado por G. Herrero | ||
| 260 | |a Barcelona : |b Diputación Provincial de Barcelona. Escuela del Trabajo. Escuela de Maestría Industrial, dl 1971 | ||
| 300 | |a [37] p. : |b il. ; |c 30 cm | ||
| 650 | |a Anàlisi instrumental |9 23359 | ||
| 710 | 2 | |a Escola del Treball (Barcelona, Catalunya) |9 54586 | |
| 901 | |a Arxiu | ||
| 942 | |n 1 | ||
| 952 | |0 0 |1 0 |4 0 |6 FU2028 |7 1 |9 42678 |a Arxiu |b Arxiu |d 2016-12-01 |l 0 |o FU-20-28 |p 6227 |r 2016-12-01 00:00:00 |w 2016-12-01 |y ARXIU | ||
| 999 | |c 45184 |d 45184 | ||